Jeffrey Dean Morgan Filmography - Statistics

General Stats
  • This quiz has been taken 47 times
    8 since last reset
  • The average score is 50 of 93
Answer Stats
Type Year Name % Correct
TV Show 2005-2007, 2019 Supernatural
100%
TV Show 2016-2022 The Walking Dead
83%
TV Show 2002 Angel
67%
Film 2024 Bloody Axe Wound
67%
Film 2004 Dead & Breakfast
67%
Film 2015 Desierto
67%
Film 2022 Fall
67%
Film 2015 Guns for Hire
67%
Film 2015 Heist
67%
Web Series 2025 Invincible
67%
Film 2025 Neighborhood Watch
67%
Film 2011 Peace, Love & Misunderstanding
67%
Film 2007 P.S. I Love You
67%
Film 2018 Rampage
67%
Film 2012 Red Dawn
67%
TV Show 2014 Shameless
67%
Film 2010 Shanghai
67%
Film 2004 Six: The Mark Unleashed
67%
Film 2015 Solace
67%
Film 2009 Taking Woodstock
67%
Film 2011 Texas Killing Fields
67%
Film 2008 The Accidental Husband
67%
Web Series 2024-Present The Boys
67%
Film 2012 The Courier
67%
TV Show 2015-2016 The Good Wife
67%
Film 2010 The Losers
67%
Film 2012 The Possession
67%
Film 2020 The Postcard Killings
67%
Film 2011 The Resident
67%
Film 2014 The Salvation
67%
Film 2021 The Unholy
67%
TV Show 2023-Present The Walking Dead: Dead City
67%
Film 1995 Undercover Heat
67%
Film 2020 Walkaway Joe
67%
Film 2009 Watchmen
67%
Film 2016 Batman v Superman: Dawn of Justice
50%
TV Show 2025 Big City Greens
50%
Film 2005 Chasing Ghosts
50%
TV Show 2003 CSI: Crime Scene Investigation
50%
Film 2008 Days of Wrath
50%
TV Show 2025 Destination X
50%
Film 1995 Dillinger and Capone
50%
TV Show 2001 ER
50%
TV Show 2015 Extant
50%
TV Show 1995 Extreme
50%
Film 2007 Fred Claus
50%
TV Show 2020 Friday Night In with the Morgans
50%
TV Show 2006-2009 Grey's Anatomy
50%
TV Film 1996 In the Blink of an Eye
50%
TV Show 1995, 2002 JAG
50%
TV Film 2006 Jam
50%
Film 2010 Jonah Hex
50%
Film 2007 Kabluey
50%
Film 1997 Legal Deceit
50%
Web Series 2022 Leopard Skin
50%
Film 2007 Live!
50%
TV Show 2012-2013 Magic City
50%
TV Show 2004 Monk
50%
Film 1999 Road Kill
50%
TV Show 2017 Robot Chicken
50%
TV Show 1996 Sliders
50%
Short Film 2003 Something More
50%
TV Show 2003 Star Trek: Enterprise
50%
Web Series TBA Sterling Point
50%
Video Game 2015 Tekken 7
50%
TV Mini-Series 2015 Texas Rising
50%
TV Show 1996-1997 The Burning Zone
50%
TV Show 2002 The Division
50%
Film 2022 The Integrity of Joseph Chambers
50%
TV Show 2005 The O.C.
50%
TV Show 2002 The Practice
50%
TV Mini-Series 2015 The Secret Life of Marilyn Monroe
50%
Documentary Series 2021 The Walking Dead: Origins
50%
Film 2014 They Came Together
50%
Film 1991 To Cross the Rubicon
50%
TV Show 2004 Tru Calling
50%
Film 1991 Uncaged
50%
TV Show 2005 Weeds
50%
Podcast 2021-2023 Aftershock
33%
TV Show 1994 Black Sheep
33%
Commercial 2017 Evony: The King's Return
33%
TV Special 2007 Grey's Anatomy: Every Moment Counts
33%
TV Show 1995 Mystery Dance
33%
Film TBA Neponset Circle
33%
TV Show 2017, 2019, 2021 Ride with Norman Reedus
33%
TV Show 2004 The Handler
33%
Short Film 2009 Under the Hood
33%
TV Show 2000 Walker, Texas Ranger
33%
Commercial 2016 Dish Network
17%
TV Show 2016-2022 Talking Dead
17%
Short Documentary 2012 The Possession: Dybbuk Box Documentary
17%
Film TBA The Postcard Killer
17%
TV Show 2002 V.I.P.
17%
No matching quizzes found
Score Distribution
Percent of People with Each Score
Percentile by Number Answered
Your Score History
You have not taken this quiz since the last reset